000 01251nam2a22002651 4500
001 v19\rc\1480048
005 20250618124817.0
035 _a(NLR Aleph) 004569989
090 _a2389399
_c2389399
100 _a20060620d1911 |||y0rusy50 ca
101 0 _arus
102 _aRU
105 _ay z |||||
200 0 _a... на 1912 год
_fТульск. губ. земство. 47-я очередная сессия 1911 г.
210 _d1911
_aБ. м.
215 _a20 с.
461 0 _1001v19\rc\1480035
_12001#$aРасписание... суммам, отпускаемым Министерством путей сообщения на ремонт шоссе [и на др. работы]$v... на 1912 год
_92389232
_aТульская губ. земская управа
_cТула
_d1878-1916
_tРасписание... суммам, отпускаемым Министерством путей сообщения на ремонт шоссе [и на др. работы]
_v... на 1912 год
801 0 _aRU
_bNLR
_gpsbo
801 0 _aRU
_bRuMoRGB
_2psbo
801 1 _aRU
_bProSoft-M
_2rusmarc
852 _aNLR
_bЗем
_j42/С5
899 _aRuMoRGB (1907-1916*)
_jV 45/527
899 _aRuMoRGB (1907-1916*)
_jV 566/181
942 _cBOOK
980 _aNB